|
|
|
|
| LEADER |
00000nam a22000007a 4500 |
| 005 |
20200601144917.0 |
| 007 |
cr|||| |||| |
| 008 |
200601s2012 eu |||||s|||| 00||0 eng d |
| 020 |
|
|
|a 978-1-61438-474-8
|
| 035 |
|
|
|a 31611
|
| 040 |
|
|
|a vLex
|
| 090 |
|
|
|c 10470
|d 10470
|
| 100 |
1 |
|
|a Seidman Diamond, Shari
|
| 245 |
1 |
0 |
|a Trademark and deceptive advertising surveys
|h [Recurso electrn̤ico] :
|b law, science, and design /
|c Shari Seidman Diamond, Jerre B. Swann
|
| 256 |
|
|
|a Servicio en ln̕ea
|
| 260 |
|
|
|a Bruselas:
|b American Bar Association,
|c 2012
|
| 300 |
|
|
|a 1 recurso electrn̤ico
|
| 506 |
1 |
|
|a Disponible solo en los productos indicados
|d vLex Global
|d vLex Global (Academic Edition, excluding Law Schools)
|d vLex Global (U.S. Academic Edition, Law Schools)
|d vLex Global (U.S. Academic Edition, excluding Law Schools)
|d vLex Global (Academic Edition, Law Schools)
|
| 650 |
0 |
4 |
|a Derecho Mercantil y de la Empresa
|z Unin̤ Europea
|
| 650 |
0 |
4 |
|a Derecho Constitucional
|z Unin̤ Europea
|
| 700 |
1 |
|
|a Swann, Jerre B.
|
| 740 |
0 |
|
|a vLex Libros (Servicio en ln̕ea)
|
| 856 |
4 |
0 |
|u http://vlex.com/source/trademark-deceptive-advertising-surveys-law-science-design-31611
|z Acceso restringido
|
| 942 |
|
|
|c BOOK
|
| 999 |
0 |
|
|a Commercial and Company Law
|
| 999 |
0 |
|
|a Constitutional Law
|